| 000 -LEADER |
| fixed length control field |
00862cam a22002177i 4500 |
| 003 - CONTROL NUMBER IDENTIFIER |
| control field |
OSt |
| 005 - DATE AND TIME OF LATEST TRANSACTION |
| control field |
20240418131202.0 |
| 008 - FIXED-LENGTH DATA ELEMENTS--GENERAL INFORMATION |
| fixed length control field |
231003s2016 xxka 001 0 eng |
| 020 ## - INTERNATIONAL STANDARD BOOK NUMBER |
| International Standard Book Number |
9781118982426 |
| 082 ## - DEWEY DECIMAL CLASSIFICATION NUMBER |
| Classification number |
690.0285 |
| Item number |
HOL |
| 100 1# - MAIN ENTRY--PERSONAL NAME |
| Personal name |
Holzer, Dominik, |
| Relator term |
author. |
| 245 14 - TITLE STATEMENT |
| Title |
The BIM manager's handbook |
| Remainder of title |
Guidance for professionals in architecture, engineering, and construction / |
| Statement of responsibility, etc |
Dominik Holzer. |
| 300 ## - PHYSICAL DESCRIPTION |
| Extent |
ix, 214 pages ; |
| Other physical details |
illustrations (color) ; |
| Dimensions |
26 cm |
| 500 ## - GENERAL NOTE |
| General note |
Includes index. |
| 650 #0 - SUBJECT ADDED ENTRY--TOPICAL TERM |
| Topical term or geographic name as entry element |
Building information modeling |
| Form subdivision |
Handbooks, manuals, etc. |
| 650 #0 - SUBJECT ADDED ENTRY--TOPICAL TERM |
| Topical term or geographic name as entry element |
Building |
| General subdivision |
Computer simulation |
| Form subdivision |
Handbooks, manuals, etc. |
| 650 #0 - SUBJECT ADDED ENTRY--TOPICAL TERM |
| Topical term or geographic name as entry element |
Building management |
| General subdivision |
Data processing |
| Form subdivision |
Handbooks, manuals, etc. |
| 650 #0 - SUBJECT ADDED ENTRY--TOPICAL TERM |
| Topical term or geographic name as entry element |
Architectural practice |
| Form subdivision |
Handbooks, manuals, etc. |
| 650 #0 - SUBJECT ADDED ENTRY--TOPICAL TERM |
| Topical term or geographic name as entry element |
Architects and builders |
| Form subdivision |
Handbooks, manuals, etc. |
| 942 ## - ADDED ENTRY ELEMENTS (KOHA) |
| Source of classification or shelving scheme |
|